<?xml version="1.0" encoding="utf-8"?>
<?xml-stylesheet type='text/xsl' href='./oai2.xsl'?>
<OAI-PMH xmlns="http://www.openarchives.org/OAI/2.0/" xmlns:xsi="http://www.w3.org/2001/XMLSchema-instance" xsi:schemaLocation="http://www.openarchives.org/OAI/2.0/ http://www.openarchives.org/OAI/2.0/OAI-PMH.xsd">
  <responseDate>2026-06-06T23:01:55Z</responseDate>
  <request verb="GetRecord" metadataPrefix="marcxml" identifier="record_kuniweb_943315">https://kulturerbe.niedersachsen.de/oai</request>
  <GetRecord>
    <record>
      <header>
        <identifier>record_kuniweb_943315</identifier>
        <datestamp>2025-08-28T09:38:22Z</datestamp>
        <setSpec>slg0137</setSpec>
      </header>
      <metadata>
        <marc:record xmlns:marc="http://www.loc.gov/MARC21/slim" xsi:schemaLocation="http://www.loc.gov/MARC21/slim http://www.loc.gov/standards/marcxml/schema/MARC21slim.xsd">
          <marc:leader>12345nkm  22     uu 4500</marc:leader>
          <marc:controlfield tag="001">943315</marc:controlfield>
          <marc:controlfield tag="003">http://kuniweb.gbv.de</marc:controlfield>
          <marc:controlfield tag="005">2019-10-14T18:08:12</marc:controlfield>
          <marc:controlfield tag="008">|           ||||||||||||||||||||||</marc:controlfield>
          <marc:datafield tag="245" ind1="1" ind2="0">
            <marc:subfield code="a">Walzengatter für Stammdurchmesser von 500 und 650 mm, um 1885</marc:subfield>
          </marc:datafield>
          <marc:datafield tag="655" ind1=" " ind2="7">
            <marc:subfield code="a">Grafik</marc:subfield>
          </marc:datafield>
          <marc:datafield tag="046" ind1=" " ind2=" ">
            <marc:subfield code="k">1885</marc:subfield>
            <marc:subfield code="k">um 1885</marc:subfield>
          </marc:datafield>
          <marc:datafield tag="260" ind1=" " ind2=" ">
            <marc:subfield code="g">1885</marc:subfield>
            <marc:subfield code="g">um 1885</marc:subfield>
          </marc:datafield>
          <marc:datafield tag="520" ind1=" " ind2=" ">
            <marc:subfield code="a">Zeichnung – koloriert        
Herstellungsort – Königshütte, (Bad) Lauterberg

Auftraggeber und Standort – keine Angaben	
                                        → vermutlich Modellzeichnung

Information:
Zur Inventarnummer sind zwei Zeichnungen vorhanden.

Anmerkunbg:
Ein Walzengatter ist eine Gattersäge mit Vorschubwalzen, die selbsttätig vorgerückt werden.
siehe:
Wörterbuchnetz - Deutsches Wörterbuch von Jacob Grimm ...
woerterbuchnetz.de › DWB › call_wbgui_py_from_form

Anmerkung 2:
Eine Gattersäge ist eine zum Rundholzaufschnitt oder für Naturwerkstein-Rohblöcke verwendete Maschine in einem Sägewerk, die durch ein Schwungrad meist über einen Flachriemen angetrieben wird. Es gibt zwei Arten von Vorschüben: Beim Permanentvorschub moderner Gatterkonstruktionen wird durch Schwingbewegung des Sägerahmens erreicht, dass die Sägeblätter nur in ihrer Schneiderichtung nach unten belastet und bei der Gegenbewegung des Rahmens nach oben vom Schnittgut weggeführt werden. Die zweite Art des Vorschubes ist der Stoppvorschub, bei dem der Vorschub am unteren Endpunkt des Sägerahmens solange gestoppt wird, bis der Rahmen wieder den oberen Endpunkt erreicht hat. Dieses Anhalten des Vorschubes bei jedem Hub wird bei älteren Modellen durch Klinken (Klinkenvorschub) oder Kurvengetriebe, bei moderneren Lösungen durch elektronisch gesteuerte Servomotoren erreicht.
siehe:
Gattersäge – Wikipedia
https://de.wikipedia.org › wiki › Gattersäge



 (Förderkreis Königshütte Bad Lauterberg e.V.)

Maßstab: 1 zu 5</marc:subfield>
          </marc:datafield>
          <marc:datafield tag="650" ind1="1" ind2=" ">
            <marc:subfield code="a">Holzverarbeitung</marc:subfield>
          </marc:datafield>
          <marc:datafield tag="650" ind1="1" ind2=" ">
            <marc:subfield code="a">Grafik, Fotografie &gt; Zeichnung</marc:subfield>
          </marc:datafield>
          <marc:datafield tag="650" ind1="1" ind2=" ">
            <marc:subfield code="a">Handwerk</marc:subfield>
          </marc:datafield>
          <marc:datafield tag="773" ind1="0" ind2=" ">
            <marc:subfield code="t">Maschinen</marc:subfield>
          </marc:datafield>
          <marc:datafield tag="852" ind1=" " ind2=" ">
            <marc:subfield code="a">Industriedenkmal Königshütte Bad Lauterberg im Harz</marc:subfield>
          </marc:datafield>
          <marc:datafield tag="" ind1=" " ind2=" ">
            <marc:subfield code="a">Namensnennung - Nicht kommerziell - Keine Bearbeitungen 4.0 International (CC BY-NC-ND 4.0)</marc:subfield>
          </marc:datafield>
        </marc:record>
      </metadata>
    </record>
  </GetRecord>
</OAI-PMH>
